Actors by Role #1 - Statistics

General Stats
  • This quiz has been taken 23,630 times
  • The average score is 11 of 20
Answer Stats
Roles Actor % Correct
Fighter pilot, sports agent, paralyzed Vietnam vet Tom Cruise
82%
Clownish doctor, British nanny, genie Robin Williams
81%
Mathematical genius, Mars explorer, amnesiac spy Matt Damon
78%
Pirate, Mad Hatter, Ichabod Crane Johnny Depp
75%
Wealthy slave owner, teenage con artist, sexy seductor in steerage Leonardo DiCaprio
68%
Hawaiian demi-god, Greek hero, lifeguard Dwayne Johnson
67%
Bible-quoting gangster, Jedi Knight, secret agent with an eye patch Samuel L. Jackson
67%
Hollywood escort, environmental litigant, flighty fiancé Julia Roberts
61%
Demonic fashionista, British politican, divorcée in a custody battle Meryl Streep
61%
Identical twin, new girl in a cliquey school, Volkswagen Beetle racer Lindsay Lohan
47%
Austrian governess, flying nanny, queen of a far away land Julie Andrews
45%
Cat burglar, heir to the throne of a small country, Bridezilla Anne Hathaway
43%
Mob money manager, blind superhero, husband accused of murder Ben Affleck
42%
Gay codebreaker, traveler to alternate dimensions, Wikileaker Benedict Cumberbatch
42%
Deep sea explorer, golf course groundskeeper, fat orange cat Bill Murray
39%
Middle Earth elf, Queen Elizabeth, lover of a person who ages backwards Cate Blanchett
38%
Former fascist, bulky green superhero, brawler with a split personality Edward Norton
38%
Man inside a computer, lazy dude, beaten-down old country singer Jeff Bridges
33%
Tough-talking San Francisco cop, Alcatraz escapee, National Geographic photographer Clint Eastwood
31%
New York gold digger, Cockney in need of voice lessons, vacationer in the Eternal City Audrey Hepburn
26%
No matching quizzes found
Score Distribution
Percent of People with Each Score
Percentile by Number Answered
Your Score History
You have not taken this quiz